| 000 | 00343 a2200109 4500 | ||
|---|---|---|---|
| 001 | ART_42631 | ||
| 005 | 20260410161647.0 | ||
| 008 | 260409a | ||
| 245 | 1 | 0 | _aDomicilio fiscal electrónico para los monotributistas |
| 100 | 1 | _aJanuszewski, Karina | |
| 773 | 0 |
_tConsultor tributario _g- Año 11, Nº 124 (jun. 2017) _wREV474 |
|
| 999 |
_c13891 _d13891 |
||